| 000 | 00365nam a2200145Ia 4500 | ||
|---|---|---|---|
| 005 | 20251222140052.0 | ||
| 008 | 251222s1900||||xx |||||||||||||| ||spa|| | ||
| 020 | _a9681650352 | ||
| 082 | _a181.4/M16 | ||
| 100 | _aMahadevan, T.M.P. | ||
| 245 | 0 | _aInvitación a la Filosofía de la India | |
| 250 | _a2a.ed. | ||
| 264 | _bFondo de Cultura Económica | ||
| 942 | _cLIB | ||
| 999 |
_c3647 _d3647 |
||